• 首页
  • 本馆介绍
  • 公告通知
  • 最新文献
  • 馆藏检索
  • 电子资源
  • 读者导购
  • 参考咨询
  • 我的图书馆
  • 登录
  • 详细信息显示
  • 放入我的书架
  • 预约/预借图书
  • 作者相关作品
  • 分类相关作品
  • 丛书相关作品
  • 出版社相关作品

书目信息

  • 表格格式
  • 工作单格式
  • 卡片格式
题名:
季羡林谈东西方文化
    
 
作者: 季羡林 著
分册:  
出版信息: 杭州   浙江人民出版社  2016
页数: 216页
开本: 21cm
丛书名:
单 册:
中图分类: G04-53
科图分类:
主题词: 东西文化--dong xi wen hua--文集
电子资源:
ISBN: 978-7-213-06967-3
000 00965nam0 22002411 450
001 0122100558
005 20170322100558.0
010    @a978-7-213-06967-3@b精装@dCNY38.00
100    @a20160120d2016 em y0chiy50 ea
101 0  @achi
102    @aCN@b330000
105    @ay z 000yy
106    @ar
200 1  @a季羡林谈东西方文化@9ji xian lin tan dong xi fang wen hua@e精装珍藏版@f季羡林著
210    @a杭州@c浙江人民出版社@d2016
215    @a216页@d21cm
300    @a季羡林唯一亲定自选集
330    @a季羡林自言,到了耄耋之年,忽发少年狂,一系列引人关注的怪论、奇思问世。在这些怪论奇思中,影响的莫过于《季羡林谈东西方文化(精装珍藏版)》阐述的“三十年河东,三十年河西”。作者主张文化起源多元论、文化交流论,认为东方文化的综合思维方式可以弥补西方文化的分析思维方式。
606 0  @a东西文化@9dong xi wen hua@j文集
690    @aG04-53@v5
701  0 @a季羡林@9ji xian lin@f(1911-2009)@4著
801  0 @aCN@bTANGWEI@c20170308
905    @b0957846-9@dG04-53@e105@f4
    
    季羡林谈东西方文化:精装珍藏版/季羡林著.-杭州:浙江人民出版社,2016
    216页;21cm
    季羡林唯一亲定自选集
    
    ISBN 978-7-213-06967-3(精装):CNY38.00
    季羡林自言,到了耄耋之年,忽发少年狂,一系列引人关注的怪论、奇思问世。在这些怪论奇思中,影响的莫过于《季羡林谈东西方文化(精装珍藏版)》阐述的“三十年河东,三十年河西”。作者主张文化起源多元论、文化交流论,认为东方文化的综合思维方式可以弥补西方文化的分析思维方式。
●
相关链接 在E读中查询图书 在五车中查询图书 在当当中查询图书 在豆瓣中查询图书


正题名:季羡林谈东西方文化     索取号:G04-53/105         预约/预借

序号 登录号 条形码 馆藏地/架位号 状态 备注
1 0957846   209578465   第一样本阅览室/ [索取号:G04-53/105] 在馆    
2 0957847   209578474   第四借阅区/ [索取号:G04-53/105] 在馆    
3 0957848   209578483   第四借阅区/ [索取号:G04-53/105] 在馆    
4 0957849   209578492   第四借阅区/ [索取号:G04-53/105] 在馆    
唐山师范学院图书馆 欢迎您!
大连网信软件有限公司© 版权所有